000 00307nam a22001457a 4500
008 210607b ||||| |||| 00| 0 eng d
020 _a08016009062
041 _aeng
080 _24th
_a61
082 _a61
100 _a3
101 _aSHM
245 _aCritical Care
_cZeb L. Burrell
942 _2udc
_cBK
999 _c58003
_d58003